<?xml version="1.0" encoding="UTF-8"?>
<record
    xmlns:xsi="http://www.w3.org/2001/XMLSchema-instance"
    xsi:schemaLocation="http://www.loc.gov/MARC21/slim http://www.loc.gov/standards/marcxml/schema/MARC21slim.xsd"
    xmlns="http://www.loc.gov/MARC21/slim">

  <leader>00851nam a22002177a 4500</leader>
  <controlfield tag="008">240702b        mp ||||| |||| 00| 0 mon d</controlfield>
  <datafield tag="035" ind1=" " ind2=" ">
    <subfield code="a">5374</subfield>
  </datafield>
  <datafield tag="040" ind1=" " ind2=" ">
    <subfield code="a">SU1322070</subfield>
    <subfield code="b">mon</subfield>
    <subfield code="c">MN-UlNLM</subfield>
    <subfield code="d">MN-UlNLM</subfield>
    <subfield code="e">rda</subfield>
  </datafield>
  <datafield tag="041" ind1=" " ind2=" ">
    <subfield code="a">mon</subfield>
  </datafield>
  <datafield tag="042" ind1=" " ind2=" ">
    <subfield code="a">13099</subfield>
  </datafield>
  <datafield tag="084" ind1=" " ind2=" ">
    <subfield code="2">NNA</subfield>
    <subfield code="a">84.4</subfield>
    <subfield code="b">&#x41C;-26</subfield>
  </datafield>
  <datafield tag="100" ind1=" " ind2=" ">
    <subfield code="a">&#x41C;&#x430;&#x440;&#x43A;&#x435;&#x441; &#x413;. &#x413;.</subfield>
  </datafield>
  <datafield tag="245" ind1=" " ind2="0">
    <subfield code="a">&#x417;&#x443;&#x443;&#x43D; &#x436;&#x438;&#x43B;&#x438;&#x439;&#x43D; &#x433;&#x430;&#x43D;&#x446;&#x430;&#x430;&#x440;&#x434;&#x430;&#x43B;</subfield>
  </datafield>
  <datafield tag="264" ind1=" " ind2=" ">
    <subfield code="a">&#x423;&#x411;</subfield>
    <subfield code="b">&#x423;&#x43B;&#x441;&#x44B;&#x43D; &#x445;&#x44D;&#x432;&#x43B;&#x44D;&#x43B;&#x438;&#x439;&#x43D; &#x433;&#x430;&#x437;&#x430;&#x440;</subfield>
    <subfield code="c">1989</subfield>
  </datafield>
  <datafield tag="300" ind1=" " ind2=" ">
    <subfield code="a">374&#x445;.</subfield>
  </datafield>
  <datafield tag="336" ind1=" " ind2=" ">
    <subfield code="2">rdacontent</subfield>
    <subfield code="a">text</subfield>
    <subfield code="b">txt</subfield>
  </datafield>
  <datafield tag="337" ind1=" " ind2=" ">
    <subfield code="2">rdamedia</subfield>
    <subfield code="a">unmediated</subfield>
    <subfield code="b">n</subfield>
  </datafield>
  <datafield tag="338" ind1=" " ind2=" ">
    <subfield code="2">rdacarrier</subfield>
    <subfield code="a">volume</subfield>
    <subfield code="b">nc</subfield>
  </datafield>
  <datafield tag="650" ind1=" " ind2=" ">
    <subfield code="a">&#x42D;&#x43D;&#x44D; &#x437;&#x443;&#x443;&#x43D;&#x44B; &#x445;&#x43E;&#x451;&#x440;&#x434;&#x443;&#x433;&#x430;&#x430;&#x440; &#x445;&#x430;&#x433;&#x430;&#x441;&#x430;&#x430;&#x441; &#x41B;&#x430;&#x442;&#x438; &#x410;&#x43C;&#x435;&#x440;&#x438;&#x43A;&#x438;&#x439;&#x43D; &#x437;&#x43E;&#x445;&#x438;&#x440;&#x43E;&#x43B;&#x447;&#x434;&#x43E;&#x43E;&#x441; &#x443;&#x440;&#x430;&#x43D; &#x431;&#x4AF;&#x442;&#x44D;&#x44D;&#x43B;, &#x44F;&#x43B;&#x430;&#x43D;&#x433;&#x443;&#x44F;&#x430; &#x440;&#x43E;&#x43C;&#x430;&#x43D; &#x43D;&#x44C; &#x43E;&#x43B;&#x43E;&#x43D; &#x43E;&#x440;&#x43D;&#x44B; &#x443;&#x43D;&#x448;&#x438;&#x433;&#x447;&#x434;&#x44B;&#x43D; &#x441;&#x43E;&#x43D;&#x438;&#x440;&#x445;&#x434;&#x43E;&#x433; &#x442;&#x430;&#x430;&#x448;&#x430;&#x430;&#x43D; &#x443;...</subfield>
  </datafield>
  <datafield tag="942" ind1=" " ind2=" ">
    <subfield code="2">NNA</subfield>
    <subfield code="c">BK</subfield>
  </datafield>
  <datafield tag="952" ind1=" " ind2=" ">
    <subfield code="0">0</subfield>
    <subfield code="1">0</subfield>
    <subfield code="4">0</subfield>
    <subfield code="6">844_&#x41C;26</subfield>
    <subfield code="7">0</subfield>
    <subfield code="8">SU1323</subfield>
    <subfield code="a">SU1322070</subfield>
    <subfield code="b">SU1322070</subfield>
    <subfield code="c">SU1323</subfield>
    <subfield code="d">2024-07-03</subfield>
    <subfield code="g">920.00</subfield>
    <subfield code="l">0</subfield>
    <subfield code="o">84.4  &#x41C;-26</subfield>
    <subfield code="p">SU1325374-1-1</subfield>
    <subfield code="r">2024-07-03</subfield>
    <subfield code="t">25264</subfield>
    <subfield code="y">BK</subfield>
  </datafield>
  <datafield tag="952" ind1=" " ind2=" ">
    <subfield code="0">0</subfield>
    <subfield code="1">0</subfield>
    <subfield code="4">0</subfield>
    <subfield code="6">844_&#x41C;26</subfield>
    <subfield code="7">0</subfield>
    <subfield code="8">SU1323</subfield>
    <subfield code="a">SU1322070</subfield>
    <subfield code="b">SU1322070</subfield>
    <subfield code="c">SU1323</subfield>
    <subfield code="d">2024-07-03</subfield>
    <subfield code="g">920.00</subfield>
    <subfield code="l">0</subfield>
    <subfield code="o">84.4  &#x41C;-26</subfield>
    <subfield code="p">SU1325374-1-6</subfield>
    <subfield code="r">2024-07-03</subfield>
    <subfield code="t">25263</subfield>
    <subfield code="y">BK</subfield>
  </datafield>
  <datafield tag="952" ind1=" " ind2=" ">
    <subfield code="0">0</subfield>
    <subfield code="1">0</subfield>
    <subfield code="4">0</subfield>
    <subfield code="6">844_&#x41C;26</subfield>
    <subfield code="7">0</subfield>
    <subfield code="8">SU1323</subfield>
    <subfield code="a">SU1322070</subfield>
    <subfield code="b">SU1322070</subfield>
    <subfield code="c">SU1323</subfield>
    <subfield code="d">2024-07-03</subfield>
    <subfield code="g">920.00</subfield>
    <subfield code="l">0</subfield>
    <subfield code="o">84.4  &#x41C;-26</subfield>
    <subfield code="p">SU1325374-1-7</subfield>
    <subfield code="r">2024-07-03</subfield>
    <subfield code="t">32557</subfield>
    <subfield code="y">BK</subfield>
  </datafield>
  <datafield tag="952" ind1=" " ind2=" ">
    <subfield code="0">0</subfield>
    <subfield code="1">0</subfield>
    <subfield code="4">0</subfield>
    <subfield code="6">844_&#x41C;26</subfield>
    <subfield code="7">0</subfield>
    <subfield code="8">SU1323</subfield>
    <subfield code="a">SU1322070</subfield>
    <subfield code="b">SU1322070</subfield>
    <subfield code="c">SU1323</subfield>
    <subfield code="d">2024-07-03</subfield>
    <subfield code="g">920.00</subfield>
    <subfield code="l">0</subfield>
    <subfield code="o">84.4  &#x41C;-26</subfield>
    <subfield code="p">SU1325374-1-8</subfield>
    <subfield code="r">2024-07-03</subfield>
    <subfield code="t">25260</subfield>
    <subfield code="y">BK</subfield>
  </datafield>
  <datafield tag="952" ind1=" " ind2=" ">
    <subfield code="0">0</subfield>
    <subfield code="1">0</subfield>
    <subfield code="4">0</subfield>
    <subfield code="6">844_&#x41C;26</subfield>
    <subfield code="7">0</subfield>
    <subfield code="8">SU1322</subfield>
    <subfield code="a">SU1322070</subfield>
    <subfield code="b">SU1322070</subfield>
    <subfield code="c">SU1322</subfield>
    <subfield code="d">2024-07-03</subfield>
    <subfield code="g">920.00</subfield>
    <subfield code="l">0</subfield>
    <subfield code="o">84.4  &#x41C;-26</subfield>
    <subfield code="p">SU1325374-3-1</subfield>
    <subfield code="r">2024-07-03</subfield>
    <subfield code="t">40849</subfield>
    <subfield code="y">BK</subfield>
  </datafield>
  <datafield tag="952" ind1=" " ind2=" ">
    <subfield code="0">0</subfield>
    <subfield code="1">0</subfield>
    <subfield code="4">0</subfield>
    <subfield code="6">844_&#x41C;26</subfield>
    <subfield code="7">0</subfield>
    <subfield code="8">SU1322</subfield>
    <subfield code="a">SU1322070</subfield>
    <subfield code="b">SU1322070</subfield>
    <subfield code="c">SU1322</subfield>
    <subfield code="d">2024-07-03</subfield>
    <subfield code="g">920.00</subfield>
    <subfield code="l">0</subfield>
    <subfield code="o">84.4  &#x41C;-26</subfield>
    <subfield code="p">SU1325374-3-2</subfield>
    <subfield code="r">2024-07-03</subfield>
    <subfield code="t">38590</subfield>
    <subfield code="y">BK</subfield>
  </datafield>
  <datafield tag="999" ind1=" " ind2=" ">
    <subfield code="c">1063868</subfield>
    <subfield code="d">1063925</subfield>
  </datafield>
</record>
